Представление документа в формате RUSMARC

ПолеНазваниеЗначение
  Тип записи a
  Библиографический уровень m
001 Контрольный номер RU/CBS_UL/BASE/559309223
005 Дата корректировки 20251027152758.2
010 Индекс ISBN __
a ISBN 5-227-00261-4
b Уточнения в пер.
d Цена 40 р. 00 к.
9 Тираж 5 000 экз.
100 Данные общей обработки __
a Данные общей обработки 20160310d2016 ||| 0rusy0189 ca
101 Язык документа 0_
a Язык текста rus
102 Страна публикации __
a Страна публикации RU
105 Кодированные данные (монография) __
a Кодированные данные (монография) y###||||000|y
200 Заглавие и сведения об ответственности 1_
a Заглавие Большая скука
b Общее обозначение материала Текст
e Сведения, относящиеся к заглавию приключенческие романы
e Сведения, относящиеся к заглавию [пер. с болг.]
f Первые сведения об ответственности Б. Райнов
210 Выходные данные 1_
a Место издания Москва
c Издательство Центрполиграф
d Дата издания 1999
215 Физическое описание __
a Объем 475, [2] с.
d Формат 20,5 см.
225 Серия 0_
a Серия Классическая библиотека приключений и научной фантастики
300 Общие примечания __
a Общие примечания 12+
300 Общие примечания __
a Общие примечания Содерж.: Большая скука ; Наивный человек средних лет
300 Общие примечания __
a Общие примечания Под инв. номером 100207: Ц-1
606 Тематические рубрики 0_
a Основная рубрика Болгарская литература, 20 в. - Романы
610 Ключевые слова 0_
a Ключевые слова литература болгарская
a Ключевые слова романы
a Ключевые слова фантастика
a Ключевые слова приключения
a Ключевые слова наркотики
a Ключевые слова документы секретные
a Ключевые слова торговцы оружием
a Ключевые слова шпионы
686 Индексы других классификаций __
a Классификационный индекс 84(4Бол)
2 Код системы ББК
700 Автор _0
a Фамилия Райнов
b Имя (инициалы) Б.
g Полное личное имя Богомил
801 Источник записи _0
a Страна RU
b Организация МБУК ЦБС
c Дата составления 20160310
g Правила каталогизации RCR
801 Источник записи _1
a Страна RU
b Организация МБУК ЦБС г. Ульяновска
c Дата составления 20160310
g Правила каталогизации RCR
899 Данные о местонахождении __
i Авторский знак Р 18
j Расстановочный фильтр И(Болг)
901 Тип документа __
t Тип документа m
910 Корректоры записи __
a Корректор записи Тургенева